|
|
|
|
| LEADER |
00000nam a2200000Ii 4500 |
| 001 |
DIGDEU1729 |
| 003 |
NyNyDIG |
| 006 |
m o d |
| 007 |
cr ||||||||||| |
| 008 |
130501s2001 sp ob 001 0 spa d |
| 020 |
|
|
|a 9788498307641
|q (eBook)
|
| 020 |
|
|
|z 847485461X
|
| 020 |
|
|
|z 9788474854619
|
| 035 |
|
|
|a (OCoLC)888264259
|
| 040 |
|
|
|a DGITA
|b eng
|e pn
|c DGITA
|
| 041 |
0 |
|
|a spabaqlat
|
| 050 |
1 |
4 |
|a PH5164.L3 eBook
|
| 100 |
1 |
|
|a Segura Munguía, Santiago.
|
| 245 |
1 |
0 |
|a Del latín al euskara =
|b Latinetik euskarara /
|c Santiago Segura Munguía, Juan Manuel Etxebarria Ayesta.
|
| 246 |
3 |
1 |
|a Latinetik euskarara
|
| 250 |
|
|
|a 2. ed. revisada.
|
| 264 |
|
1 |
|a Bilbao :
|b Universidad de Deusto,
|c 2001.
|
| 300 |
|
|
|a 1 online resource (292 pages)
|
| 336 |
|
|
|a text
|b txt
|2 rdacontent
|
| 337 |
|
|
|a computer
|b c
|2 rdamedia
|
| 338 |
|
|
|a online resource
|b cr
|2 rdacarrier
|
| 490 |
1 |
|
|a Serie Letras ;
|v 29.
|
| 504 |
|
|
|a Includes bibliographical references (p. 287-292) and index.
|
| 650 |
|
0 |
|a Basque language
|x Foreign elements
|x Latin.
|
| 650 |
|
0 |
|a Latin language
|x Influence on Basque.
|
| 655 |
|
0 |
|a Electronic books.
|
| 700 |
1 |
|
|a Etxebarria Ayesta, Juan Manuel.
|
| 791 |
2 |
|
|a Digitalia (Firm),
|e distributor.
|
| 830 |
|
0 |
|a Serie Letras (Bilbao, Spain) ;
|v 29.
|
| 793 |
0 |
|
|g Digitalia eBook Collection:
|a Universidad de Deusto.
|
| 856 |
4 |
0 |
|3 Digitalia Hispánica
|u https://www.digitaliapublishing.com/a/17578/
|
| 910 |
|
|
|a Premium Collection: 2007-2012
|